Представление документа в формате RUSMARC

ПолеНазваниеЗначение
  Тип записи a
  Библиографический уровень m
001 Контрольный номер d0814bcf0f8e4987accded6d392a0e75
005 Дата корректировки 20140623134240.0
010 Индекс ISBN __
a ISBN 5-89349-017-7
010 Индекс ISBN __
a ISBN 5-02-011626-2
200 Заглавие и сведения об ответственности 1_
a Заглавие Русский язык для студентов-нефилологов
e Сведения, относящиеся к заглавию учеб. пособие
f Первые сведения об ответственности М.Ю.Федосюк,Т.А.Ладыженская,О.А.Михайлова,Н.А.Николина
205 Сведения об издании __
b Дополнительные сведения об издании 9-е изд.
210 Выходные данные 1_
a Место издания М.
c Издательство Флинта:Наука
d Дата издания 2004
215 Физическое описание __
a Объем 251 с.
300 Общие примечания __
a Общие примечания гриф УМО
610 Ключевые слова 0_
a Ключевые слова русский язык
a Ключевые слова стили языка
a Ключевые слова речевой этикет
a Ключевые слова грамматика
a Ключевые слова устная речь
a Ключевые слова публицистика
a Ключевые слова письменная речь
a Ключевые слова учебное пособие
a Ключевые слова гриф УМО
686 Индексы других классификаций __
a Классификационный индекс 81.411.2-923
2 Код системы rubbk
801 Источник записи _0
a Страна RU
b Организация РУК
c Дата составления 20041105
g Правила каталогизации PSBO
801 Источник записи _1
a Страна RU
b Организация РУК
c Дата составления 20041105
g Правила каталогизации PSBO
852 Данные о местонахождении __
i Авторский знак Р 89
j Шифр хранения ББК 81.411.2
901 Тип документа __
t Тип документа m
938 Служебная информация __
a Название организации Головной вуз
b Имя БД BOOK
c Название АИБС АИБС ИРБИС
952 Тип литературы __
b Гриф литературы для ВШ гриф УМО